Eastern Utah Libraries Catalog: Duchesne, Heber, Roosevelt, & Vernal

Finding you (Record no. 363699)

MARC details
000 -LEADER
fixed length control field 03726cgm a22007334i 4500
001 - CONTROL NUMBER
control field sky303930499
003 - CONTROL NUMBER IDENTIFIER
control field SKY
005 - DATE AND TIME OF LATEST TRANSACTION
control field 20210812162635.0
007 - PHYSICAL DESCRIPTION FIXED FIELD--GENERAL INFORMATION
fixed length control field vd cvaizq
008 - FIXED-LENGTH DATA ELEMENTS--GENERAL INFORMATION
fixed length control field 210623s2021 cau115 vleng d
010 ## - LIBRARY OF CONGRESS CONTROL NUMBER
LC control number 1257429449
024 1# - OTHER STANDARD IDENTIFIER
Standard number or code 031398328292
028 42 - PUBLISHER NUMBER
Publisher number 59259
Source Roadside Attractions LLC
040 ## - CATALOGING SOURCE
Original cataloging agency TEFMT
Language of cataloging eng
Description conventions rda
Transcribing agency TEFMT
Modifying agency TEF
-- OCLCO
-- OCLCF
-- OMN
-- SKYRV
-- CoBoFLC
041 1# - LANGUAGE CODE
Language code of text/sound track or separate title eng
Language code of original and/or intermediate translations of text eng
050 #4 - LIBRARY OF CONGRESS CALL NUMBER
Classification number PN1997.2
Item number .F56 2021
082 04 - DEWEY DECIMAL CLASSIFICATION NUMBER
Classification number 791.43/72
Edition number 23
092 ## - LOCALLY ASSIGNED DEWEY CALL NUMBER (OCLC)
Feature heading FINDING YOU
245 00 - TITLE STATEMENT
Title Finding you
Medium [dvd] /
Statement of responsibility, etc Roadside Attractions and Red Sky Studios present ; produced by Ken Carpenter, Julie Ryan, Stephen Preston, Brian Baugh ; written & director by Brian Baugh.
264 #1 - Production, Publication, Distribution, Manufacture, and Copyright Notice.
Place of production, publication, distribution, manufacture Los Angeles, CA :
Name of producer, publisher, distributor, manufacturer Roadside Attractions LLC,
Date of production, publication, distribution, manufacture, or copyr [2021]
300 ## - PHYSICAL DESCRIPTION
Extent 1 videodisc (approximately 115 min.) :
Other physical details sound, color ;
Dimensions 4 3/4 in.
336 ## - Content Type
Content type term two-dimensional moving image
337 ## - Media type
Media type term video
338 ## - Carrier type
Carrier type term videodisc
500 ## - GENERAL NOTE
General note Title from container.
500 ## - GENERAL NOTE
General note Based on the book "There You'll Find Me" by Jenny B. Jones.
500 ## - GENERAL NOTE
General note Originally released as a motion picture in 2021.
500 ## - GENERAL NOTE
General note Widescreen (2.39:1)
500 ## - GENERAL NOTE
General note Special features: A look at Finding you ; Finding you image gallery ; Theatrical trailer.
508 ## - CREATION/PRODUCTION CREDITS NOTE
Creation/production credits note Music by Timothy Williams and Kieran Kiely ; edited by Chris Witt ; director of photography, Michael Lavelle.
511 1# - PARTICIPANT OR PERFORMER NOTE
Participant or performer note Rose Reid, Jedidiah Goodacre, Katherine McNamara, Patrick Bergin, Saoirse-Monica Jackson, Tom Everett Scott, Vanessa Redgrave.
520 ## - SUMMARY, ETC.
Summary, etc Talented aspiring violinist Finley meets Beckett, a famous young movie star, on the way to her college semester abroad program in a small village in Ireland. An unexpected romance develops as the heartthrob Beckett leads the uptight Finley on an adventurous revival, and she inspires him to take charge of his future until the pressures of his stardom get in the way.
521 8# - TARGET AUDIENCE NOTE
Target audience note MPAA rating: PG; for language and thematic elements.
538 ## - SYSTEM DETAILS NOTE
System details note DVD.
546 ## - LANGUAGE NOTE
Language note In English; with optional subtitles for the deaf and hard of hearing (SDH); optional subtitles in Spanish.
650 #0 - SUBJECT ADDED ENTRY--TOPICAL TERM
Topical term or geographic name as entry element Violinists
Form subdivision Drama.
9 (RLIN) 6424406
651 #0 - SUBJECT ADDED ENTRY--GEOGRAPHIC NAME
Geographic name Ireland
Form subdivision Drama.
9 (RLIN) 5679233
655 #7 - INDEX TERM--GENRE/FORM
Genre/form data or focus term Feature films.
Source of term lcgft.
655 #7 - INDEX TERM--GENRE/FORM
Genre/form data or focus term Fiction films.
Source of term lcgft.
655 #7 - INDEX TERM--GENRE/FORM
Genre/form data or focus term Melodramas (Motion pictures)
Source of term lcgft.
9 (RLIN) 5696820
655 #7 - INDEX TERM--GENRE/FORM
Genre/form data or focus term Film adaptations.
Source of term lcgft.
655 #7 - INDEX TERM--GENRE/FORM
Genre/form data or focus term Video recordings for the hearing impaired.
Source of term lcgft.
655 #0 - INDEX TERM--GENRE/FORM
Genre/form data or focus term DVD-Video discs.
655 #7 - INDEX TERM--GENRE/FORM
Genre/form data or focus term Drama films.
Source of term local.
9 (RLIN) 5719111
700 1# - ADDED ENTRY--PERSONAL NAME
Personal name Baugh, Brian,
Relator term film director,
-- screenwriter,
-- film producer.
9 (RLIN) 6208414
700 1# - ADDED ENTRY--PERSONAL NAME
Personal name Carpenter, Ken
Titles and other words associated with a name (Producer/Director),
Relator term film producer.
9 (RLIN) 6424407
700 1# - ADDED ENTRY--PERSONAL NAME
Personal name Ryan, Julie,
Relator term film producer.
9 (RLIN) 72652
700 1# - ADDED ENTRY--PERSONAL NAME
Personal name Preston, Stephen,
Relator term film producer.
9 (RLIN) 6424408
700 1# - ADDED ENTRY--PERSONAL NAME
Personal name Williams, Timothy,
Dates associated with a name 1966-
Relator term composer (expression)
9 (RLIN) 6424409
700 1# - ADDED ENTRY--PERSONAL NAME
Personal name Kiely, Kieran,
Relator term composer (expression)
9 (RLIN) 6424410
700 1# - ADDED ENTRY--PERSONAL NAME
Personal name Witt, Chris,
Relator term editor of moving image work.
9 (RLIN) 6424411
700 1# - ADDED ENTRY--PERSONAL NAME
Personal name Lavelle, Michael,
Relator term director of photography.
9 (RLIN) 5844985
700 1# - ADDED ENTRY--PERSONAL NAME
Personal name Reid, Rose,
Relator term actor.
9 (RLIN) 6424412
700 1# - ADDED ENTRY--PERSONAL NAME
Personal name McNamara, Katherine,
Relator term actor.
9 (RLIN) 6224041
700 1# - ADDED ENTRY--PERSONAL NAME
Personal name Bergin, Patrick,
Relator term actor.
9 (RLIN) 45532
700 1# - ADDED ENTRY--PERSONAL NAME
Personal name Jackson, Saoirse-Monica,
Relator term actor.
9 (RLIN) 6424413
700 1# - ADDED ENTRY--PERSONAL NAME
Personal name Scott, Tom Everett,
Dates associated with a name 1970-
Relator term actor.
9 (RLIN) 63557
700 1# - ADDED ENTRY--PERSONAL NAME
Personal name Redgrave, Vanessa,
Dates associated with a name 1937-
Relator term actor.
9 (RLIN) 27595
700 12 - ADDED ENTRY--PERSONAL NAME
Personal name Jones, Jenny B.,
Dates associated with a name 1975-
Title of a work There you'll find me.
9 (RLIN) 6424414
710 2# - ADDED ENTRY--CORPORATE NAME
Corporate name or jurisdiction name as entry element Roadside Attractions (Firm),
Relator term presenter,
-- publisher.
9 (RLIN) 58984
710 2# - ADDED ENTRY--CORPORATE NAME
Corporate name or jurisdiction name as entry element Red Sky Studios (Firm),
Relator term presenter.
9 (RLIN) 6424415
907 ## - LOCAL DATA ELEMENT G, LDG (RLIN)
a .b45398678x
942 ## - ADDED ENTRY ELEMENTS (KOHA)
Source of classification or shelving scheme Dewey Decimal Classification
Koha item type DVD < 3 months old
Holdings
Withdrawn status Lost status Source of classification or shelving scheme Damaged status Not for loan Collection code Home library Current library Shelving location Date acquired Source of acquisition Total Checkouts Full call number Barcode Date last seen Date checked out Cost, replacement price Price effective from Koha item type
    Dewey Decimal Classification     Movies Wasatch County Library Wasatch County Library Audio Visual Area 09/09/2021 Micromarketing 3 DVD Fin 34301001882622 03/07/2024 09/12/2023 19.98 09/09/2021 DVD
This project was made possible through a grant from the Institute of Museum and Library Service administered by the Utah State Library Division.

Wasatch County Library

  • 465 East 1200 South, Heber City, Utah 84032
  • Phone 435-654-1511 | Fax 435-654-6456

Hours

  • Monday - Friday 9:30 AM - 8:00 PM
  • Saturday 9:30 AM - 1:30 PM
  • Closed Sundays and Holidays